00627nam a2200169 i 450000100060000000300090000600500170001500700030003200800410003510000390007624500920011526000460020730000330025385200320028699900170031895201220033522863ES-MaACL20230906152752.0t|021205s1966 sp ||||1| spa d1 aAluentosa García, Rafael.92056710aFray Humilde Soria Pons b: ¿viudo? ¿por qué no? / cpor Rafael Aluentosa García. aSegorbe : bPadres Franciscanos, c[1966] a317 p., 12 lám. ; c22 cm. aES-MaACLjC-33268 bR.64174 c22863d22863 00104070aATENEOMbATENEOMcDEPO2d2008-01-17eSCl0oC-33268p1023545r2023-02-23 00:00:00w2023-02-23yMONOGRAFIA